La sociedad humana

Сохранить в:
Библиографические подробности
Главный автор: Davis, Kingsley (Автор)
Формат:
Язык:испанский
Опубликовано: Buenos Aires Eudeba 1965
Серии:Manuales de Eudeba. Sociología
Предметы:
Метки: Добавить метку
Нет меток, Требуется 1-ая метка записи!

MARC

LEADER 00000nam a2200000 a 4500
001 UCP1872
003 CL-VaPUC
008 990426e19650000AG |||||||||||||||||spa|d
082 0 4 |a 301  |b DAV  |2 21 
100 0 |a Davis, Kingsley  |e author  |9 428228 
245 1 3 |a La sociedad humana 
300 |a 2 v 
942 |c BK 
945 |d 19990426 00:00:00  |a lriquelm 
260 |a Buenos Aires  |b Eudeba  |c 1965 
650 7 |a DESARROLLO TECNOLOGICO  |2 CL-VaPUC  |9 259800 
650 0 |a Instituciones políticas  |9 255506 
650 7 |a INSTITUCIONES RELIGIOSAS  |2 CL-VaPUC  |9 337514 
650 0 |a Cambio social   |9 256857 
650 0 |a Demografía   |9 260008 
650 0 |a Antropología cultural y social   |9 265143 
583 |a last modification  |c 20160920 04:33:42  |k Rodrigo Vera 
490 0 |a Manuales de Eudeba. Sociología 
999 |c 280503  |d 280501 
952 |0 0  |1 0  |4 0  |6 301_000000000000000_DAV_1965  |7 0  |8 A  |9 320834  |a BIBHIS  |b BIBHIS  |d 2019-11-20  |h v.1  |i 133879K  |o 301 DAV 1965  |p 133879K  |r 2025-01-20  |w 2019-11-20  |y BK  |k HIS 
952 |0 0  |1 0  |4 0  |6 301_000000000000000_DAV_1965  |7 0  |8 A  |9 320835  |a BIBHIS  |b BIBHIS  |d 2019-11-20  |h v.2  |i 1338803  |o 301 DAV 1965  |p 1338803  |r 2025-01-20  |w 2019-11-20  |y BK  |k HIS 
952 |0 0  |1 0  |4 0  |6 301_000000000000000_DAV_1965  |7 0  |8 P  |9 320836  |a BIBEDU  |b BIBEDU  |c BIBEDU_PB  |d 2019-11-20  |h v.1  |i 4675436  |o 301 DAV 1965  |p 4675436  |r 2024-01-25  |w 2019-11-20  |y BK  |k EPE